Riešenie tvorby strategicky založenej PC hry = Solution of creating strategic PC game : Bakalárska práca

Guardado en:
Detalles Bibliográficos
Autor principal: Kšiňan, Martin (Autor)
Otros Autores: Kuník, Stanislav, 1982- (xxx)
Formato: Manuscrito Libro
Lenguaje:eslovaco
Publicado: Trnava : STU v Bratislave MTF UIAM, 2007
Etiquetas: Agregar Etiqueta
Sin Etiquetas, Sea el primero en etiquetar este registro!

MARC

LEADER 00000ntm a22000003a 4500
001 stu150636
005 20160719155718.1
008 071123s2007----xo------------------slo-d
040 |a STU  |b slo 
041 0 |a slo 
044 |a xo 
100 1 |a Kšiňan, Martin  |4 aut 
245 1 |a Riešenie tvorby strategicky založenej PC hry = Solution of creating strategic PC game :  |b Bakalárska práca 
260 |a Trnava :  |b STU v Bratislave MTF UIAM,  |c 2007 
300 |a 53 s  |c 1 CD-ROM 
500 |a Program: Aplikovaná informatika a automatizácia v priemysle 
700 1 |a Kuník, Stanislav,  |d 1982-  |4 xxx  |u M180  |U MTF Materiálovotechnologická fakulta  |T MTF Katedra aplikovanej informatiky a automatizácie  |X 4618  |U M180  |Y 166  |7 A000004618 
996 |b 284M066846  |c M*BP-2958  |l MMSKP  |s P  |a 0  |w stu150636_0001